MARC

LEADER 00000nam0a2200000 4500
001 373447
005 20231102012551.0
035 |a (RuTPU)RU\TPU\retro\30876 
035 |a RU\TPU\book\270807 
090 |a 373447 
100 |a 20221216d1988 m y0rusy50 ca 
101 0 |a rus 
102 |a RU 
105 |a a z 001zy 
200 1 |a Байкал в вопросах и ответах  |f Г. И. Галазий 
210 |a Москва  |c Мысль  |d 1988 
215 |a 285 с.  |c ил. 
320 |a Библиогр.: с. 283-286. 
606 1 |a Байкал, озеро  |2 stltpush  |3 (RuTPU)RU\TPU\subj\27979  |9 51607 
610 1 |a вопросы 
610 1 |a ответы 
610 1 |a геоморфология 
610 1 |a гидрометеорология 
610 1 |a гидрофизика 
610 1 |a гидрохимия 
610 1 |a гидробиология 
610 1 |a природные ресурсы 
610 1 |a человек 
675 |a 556.55(035)  |v 3 
700 1 |a Галазий  |b Г. И.  |g Григорий Иванович 
801 1 |a RU  |b 63413507  |c 20060512  |g PSBO 
801 2 |a RU  |b 63413507  |c 20230627  |g PSBO 
942 |c BK